Shipping and Logistics Management (Record no. 3254)

000 -LEADER
fixed length control field 03705nam a22004935i 4500
007 - PHYSICAL DESCRIPTION FIXED FIELD--GENERAL INFORMATION
fixed length control field cr nn 008mamaa
008 - FIXED-LENGTH DATA ELEMENTS--GENERAL INFORMATION
fixed length control field 230420s2023 sz | s |||| 0|eng d
020 ## - INTERNATIONAL STANDARD BOOK NUMBER
International Standard Book Number 9783031260902
-- 978-3-031-26090-2
040 ## - CATALOGING SOURCE
Original cataloging agency IMU Kochi Library
Language of cataloging eng
041 0# - LANGUAGE CODE
Language code of text/sound track or separate title eng
082 04 - DEWEY DECIMAL CLASSIFICATION NUMBER
Classification number 658.7
Edition number 23
100 1# - MAIN ENTRY--PERSONAL NAME
Personal name Lun, Y. H. Venus.
245 10 - TITLE STATEMENT
Title Shipping and Logistics Management
Medium [electronic resource] /
250 ## - EDITION STATEMENT
Edition statement 2nd ed. 2023.
300 ## - PHYSICAL DESCRIPTION
Extent XVII, 320 p. 54 illus., 13 illus. in color.
Other physical details online resource.
505 0# - FORMATTED CONTENTS NOTE
Formatted contents note Part I: Principles of shipping -- International trade and shipping -- Freight rate mechanism -- Bulk shipping market -- Container shipping market -- Part II: Shipping business -- Business strategy in shipping -- Growth of firms -- Fleet mix decision -- Liner shipping network -- Part III: Intermodal container transport -- Container transport chain -- Intermodal transport system -- Managing empty containers -- Container transport security -- Part IV: Port management -- Port operations -- Managing container terminals -- Agile port -- Port development -- Part V: Emerging issues in shipping -- Sustainability in shipping -- Shipping risk -- Security and safety -- Technological applications.
520 ## - SUMMARY, ETC.
Summary, etc This book explains global trends and strategies in the shipping business, looking at the role of logistics service providers and at how information technology can help shipping operations. It also introduces best practices and advice that will allow professionals to improve the management of shipping and logistics activities. The book consists of sections examining shipping and trade, business strategies for shipping, intermodal container transport operations, and ports. This new edition adds a new fifth section with four new chapters that discusses contemporary issues in shipping. The new chapters are related to risk management in shipping, shipping security and safety, environmental and social sustainability, and a review of new technologies in the shipping industry and their future potential. An invaluable source of information for researchers and advanced, or graduate, students, Shipping and Logistics Management is also a useful reference for shipping practitioners and consultants.
650 #0 - SUBJECT ADDED ENTRY--TOPICAL TERM
Topical term or geographic name as entry element Business logistics.
650 #0 - SUBJECT ADDED ENTRY--TOPICAL TERM
Topical term or geographic name as entry element Shipping.
650 #0 - SUBJECT ADDED ENTRY--TOPICAL TERM
Topical term or geographic name as entry element Industrial engineering.
650 #0 - SUBJECT ADDED ENTRY--TOPICAL TERM
Topical term or geographic name as entry element Production engineering.
650 #0 - SUBJECT ADDED ENTRY--TOPICAL TERM
Topical term or geographic name as entry element Production management.
650 #0 - SUBJECT ADDED ENTRY--TOPICAL TERM
Topical term or geographic name as entry element Industrial Management.
650 14 - SUBJECT ADDED ENTRY--TOPICAL TERM
Topical term or geographic name as entry element Logistics.
650 24 - SUBJECT ADDED ENTRY--TOPICAL TERM
Topical term or geographic name as entry element Maritime Economics.
650 24 - SUBJECT ADDED ENTRY--TOPICAL TERM
Topical term or geographic name as entry element Industrial and Production Engineering.
650 24 - SUBJECT ADDED ENTRY--TOPICAL TERM
Topical term or geographic name as entry element Operations Management.
650 24 - SUBJECT ADDED ENTRY--TOPICAL TERM
Topical term or geographic name as entry element Industrial Management.
650 24 - SUBJECT ADDED ENTRY--TOPICAL TERM
Topical term or geographic name as entry element Supply Chain Management.
700 1# - ADDED ENTRY--PERSONAL NAME
Personal name Lai, Kee-hung.
Relator term
Relator code aut
-- http://id.loc.gov/vocabulary/relators/aut
700 1# - ADDED ENTRY--PERSONAL NAME
Personal name Cheng, T. C. Edwin.
Relator term
Relator code aut
-- http://id.loc.gov/vocabulary/relators/aut
700 1# - ADDED ENTRY--PERSONAL NAME
Personal name Yang, Dong.
Relator term
Relator code aut
-- http://id.loc.gov/vocabulary/relators/aut
852 ## - LOCATION/CALL NUMBER
Location IMU Kochi Library
856 40 - ELECTRONIC LOCATION AND ACCESS
Uniform Resource Identifier <a href="https://doi.org/10.1007/978-3-031-26090-2">https://doi.org/10.1007/978-3-031-26090-2</a>
904 ## - LOCAL DATA ELEMENT D, LDD (RLIN)
CATALOGER Rudra Ranjan
905 ## - LOCAL DATA ELEMENT E, LDE (RLIN)
VERIFIER Rudra Ranjan
942 ## - ADDED ENTRY ELEMENTS (KOHA)
Item type E-Book
100 1# - MAIN ENTRY--PERSONAL NAME
-- (orcid)0000-0002-6412-7620
-- https://orcid.org/0000-0002-6412-7620
264 #1 -
-- Cham :
-- Springer International Publishing :
-- Imprint: Springer,
-- 2023.
338 ## -
-- online resource
700 1# - ADDED ENTRY--PERSONAL NAME
-- (orcid)0000-0001-9296-0882
-- https://orcid.org/0000-0001-9296-0882
700 1# - ADDED ENTRY--PERSONAL NAME
-- (orcid)0000-0001-5127-6419
-- https://orcid.org/0000-0001-5127-6419
700 1# - ADDED ENTRY--PERSONAL NAME
-- (orcid)0000-0002-9239-0899
-- https://orcid.org/0000-0002-9239-0899

No items available.



Copyright © All Rights Reserved by Indian Maritime University, Kochi Campus.
For any Suggestions/Query Contact to library or Email: library.kochi@imu.ac.in Ph:(0484)-2989402
(Web OPAC Designed by Rudra Ranjan. Maintained by IMU Kochi Library)

Powered by Koha